Bibliographical guide to the english educational system (Record no. 1344720)

MARC details
000 -LEADER
fixed length control field 00587nam a2200205Ia 4500
005 - DATE AND TIME OF LATEST TRANSACTION
control field 20250508153656.0
008 - FIXED-LENGTH DATA ELEMENTS--GENERAL INFORMATION
fixed length control field 008 250505s9999 xx 000 0 eng d
037 ## - SOURCE OF ACQUISITION
Stock number Textual
040 ## - CATALOGING SOURCE
Original cataloging agency FEDL
Language of cataloging eng
Transcribing agency FEDL
041 ## - LANGUAGE CODE
Language code of text/sound track or separate title eng
Source of code eng
084 ## - COLON CLASSIFICATION NUMBER
Classification number 016.370942, BAR
Assigning agency FEDL
100 ## - MAIN ENTRY--PERSONAL NAME
Personal name Baron George
9 (RLIN) 139507
245 #0 - TITLE STATEMENT
Title Bibliographical guide to the english educational system
260 ## - PUBLICATION, DISTRIBUTION, ETC.
Place of publication, distribution, etc. London, UK
Name of publisher, distributor, etc. The Athlone Press
Date of publication, distribution, etc. 1951
300 ## - PHYSICAL DESCRIPTION
Extent 70p.
365 ## - TRADE PRICE
Price type code INR
Price amount 6
650 ## - SUBJECT ADDED ENTRY--TOPICAL TERM
Topical term or geographic name entry element Bibliographies
942 ## - ADDED ENTRY ELEMENTS (KOHA)
Koha item type Textual
Classification part 016.370942, BAR
Holdings
Withdrawn status Lost status Damaged status Not for loan Home library Current library Date acquired Cost, normal purchase price Total Checkouts Full call number Barcode Date last seen Price effective from Koha item type
        Department of Education Library Department of Education Library 2025-05-08 6.00   016.370942, BAR EL0027997 2025-05-08 2025-05-08 Textual
Copyright @ Delhi University Library System